000 00858 a2200241 4500
003 CBULib
005 20260702100354.0
008 260702b |||||||| |||| 00| 0 eng d
040 _aCBULib
_bEnglish
_cCBULib
_dCBULib
_erda
050 _aCBU-PG THESIS/CHI
100 _aChifwelu, Ryan
_95686
245 _aAn assessment of the effects of floods on food security in Choma; a case study of mbabala area
_c/ by Chifwefu Ryan
260 _bCopperbelt University,
_c2024.
_akitwe :
300 _axi, 84 pages : illustrations
336 _2rdacontent
_aText |
_btxt
337 _2rdamedia
_aUnmediated |
_bn
338 _2rdacarrier
_aVolume
_bnc
650 0 _95691
_aSUSTAINABLE DEVELOPMENT AND ECONOMIC GROWTH
650 0 _9263
_aFLOODS--REMOTE SESNSING
650 0 _92463
_aFOOD SECURITY--AFRICA, SOUTHERN
650 0 _95698
_aDROUGHT-ZAMBIA
942 _2mc
_c023
999 _c86802
_d86802